000 01135nam a22003257a 4500
003 CHAP
005 20220329134416.0
008 971013s1973 r 00010 d
010 _a20095
011 _a21067
035 _a25156
040 _cCHAP
090 _aFolleto 4814
110 _aCentro Nacional de Productividad, A. C. México. Programa Campesino
_921248
245 _aSociedad local de crédito ejidal
260 _aMéxico :
_b(s.e.),
_c1973
300 _av.
_b: ilus.
490 _aCNPMPC. Cuadernos 14-15
500 _aLa biblioteca tiene: v.1 Reunión de la asamble general de sociaos -- v.2 Derechos y obligaciones de los socios
590 _aBATCH-UPD
_b10
_c20130110
_lUCH01
_h1845
590 _aBATCH-UPD
_b10
_c20130410
_lUCH01
_h1215
590 _aBATCH-UPD
_b10
_c20130914
_lUCH01
_h1002
590 _aCONVERSION
_b10
_c20130109
_lUCH01
_h1312
650 1 4 _aCrédito agrícola
_xAsociaciones cooperativas.
_929028
650 1 4 _aCrédito agrícola
_zMéxico.
_929089
830 0 _aCNPMPC. Cuadernos 14-15
_923955
901 _aBK
942 _cFOLL
949 _aFolleto 4814
_bBC
_cFOLL
_d-58037
_eTS1
_i25156
_mD
_si
999 _c20095
_d20095